[Event "World Blitz 2023"]
[Site "Samarkand UZB"]
[Date "2023.12.29"]
[EventDate "2023.12.29"]
[Round "7.12"]
[Result "1-0"]
[White "Aleksandr Rakhmanov"]
[Black "Maxim Matlakov"]
[WhiteElo "2521"]
[BlackElo "2638"]
[PlyCount "118"]

1. c4 e6 2. d4 Nf6 3. Nc3 Bb4 4. e3 O-O 5. Nf3 d5 6. Bd2 Nbd7 7. a3 Be7 8.
b4 c6 9. h3 Bd6 10. Be2 dxc4 11. Bxc4 e5 12. O-O Qe7 13. Qc2 h6 14. Nh4 Nb6
15. Ng6 Qc7 16. Ba2 exd4 17. exd4 Re8 18. Rfe1 Bd7 19. Ne5 Be6 20. Bb1 Nbd7
21. f4 Nf8 22. Be3 Nd5 23. Nxd5 Bxd5 24. Ba2 Bxa2 25. Qxa2 a5 26. Qb3 axb4
27. axb4 Nh7 28. b5 cxb5 29. Rac1 Qe7 30. Qxb5 Nf6 31. Bf2 Bb4 32. Re2 Rad8
33. Bh4 Rxd4 34. Bxf6 gxf6 35. Rcc2 Qd8 36. Nf3 Rxe2 37. Rxe2 Rd1+ 38. Kh2
Qd6 39. Qf5 Kg7 40. Re8 Qd7 41. Qe4 Bd6 42. Ra8 Qc7 43. Kg3 Rc1 44. Nh4
Rc3+ 45. Kg4 Qd7+ 46. Nf5+ Kh7 47. Kh5 Rc5 48. g4 Qe6 49. Qd3 Bxf4 50. Ra4
Bc7 51. Rd4 b5 52. Rb4 Ba5 53. Rxb5 Rxb5 54. Qxb5 Bd2 55. Qd3 Bg5 56. Qd8
Qb3 57. h4 Qa3 58. Qe8 Qa7 59. Qf8 1-0

[Event "World Blitz 2023"]
[Site "Samarkand UZB"]
[Date "2023.12.29"]
[EventDate "2023.12.29"]
[Round "7.13"]
[Result "1/2-1/2"]
[White "Rauf Mamedov"]
[Black "Jinshi Bai"]
[WhiteElo "2635"]
[BlackElo "2516"]
[PlyCount "82"]

1. e4 e5 2. Nf3 Nf6 3. Nxe5 d6 4. Nf3 Nxe4 5. d4 d5 6. Bd3 Nc6 7. O-O Be7
8. Re1 Bf5 9. Nbd2 Nxd2 10. Qxd2 Bg6 11. c3 O-O 12. Qc2 Qd7 13. Bf4 Bd6 14.
Bg3 a6 15. Re3 Rfe8 16. Rae1 Rxe3 17. Rxe3 Bxd3 18. Qxd3 g6 19. Qe2 Bxg3
20. hxg3 Kf8 21. Ng5 h6 22. Nh3 Re8 23. Nf4 Rxe3 24. Qxe3 Qd6 25. Nd3 Kg7
26. Nc5 Nd8 27. Qe8 a5 28. f4 b6 29. Nd7 Nc6 30. Ne5 Nxe5 31. fxe5 Qe6 32.
Qxe6 fxe6 33. b4 c6 34. g4 g5 35. Kf2 Kg6 36. a4 Kf7 37. bxa5 bxa5 38. Ke2
Kg6 39. Kf3 Kg7 40. Ke3 Kf7 41. Ke2 Kg6 1/2-1/2

[Event "World Blitz 2023"]
[Site "Samarkand UZB"]
[Date "2023.12.29"]
[EventDate "2023.12.29"]
[Round "7.14"]
[Result "1-0"]
[White "Subramaniyam H Bharath"]
[Black "Raunak Sadhwani"]
[WhiteElo "2435"]
[BlackElo "2668"]
[PlyCount "204"]

1. b3 e5 2. Bb2 Nc6 3. c4 Nf6 4. e3 d6 5. Nc3 g6 6. Nf3 Bg7 7. Be2 O-O 8.
d3 h6 9. O-O d5 10. cxd5 Nxd5 11. Nxd5 Qxd5 12. a3 a5 13. Qc2 Be6 14. Nd2
Rad8 15. Rac1 Rfe8 16. Rfd1 Kh7 17. Bc3 Qd7 18. Ne4 Qd5 19. b4 axb4 20.
axb4 Ra8 21. Bf3 Qb3 22. Nc5 Qxc2 23. Rxc2 Bc8 24. b5 Nd8 25. Kf1 Ra7 26.
b6 cxb6 27. Ne4 Nc6 28. Nd6 Rf8 29. Rb1 Ra6 30. Rcb2 Ra3 31. Rb3 Rxb3 32.
Rxb3 Be6 33. Rxb6 Ne7 34. Rxb7 Nd5 35. Bd2 Ra8 36. Nxf7 Ra2 37. Nd8 Bg8 38.
Ke1 Ra1+ 39. Ke2 Ra2 40. Kd1 Ra1+ 41. Kc2 Ra2+ 42. Kc1 Ra1+ 43. Rb1 Ra8 44.
Nb7 Rc8+ 45. Kd1 Rb8 46. Kc2 Rc8+ 47. Kd1 Rb8 48. Be4 Be6 49. Kc1 Rc8+ 50.
Kd1 Rb8 51. Ke2 h5 52. Rb5 Nc7 53. Ra5 Ne8 54. Nc5 Bg8 55. Ra6 Nf6 56. Bc3
Rc8 57. Ra5 Bf7 58. Bxe5 Nxe4 59. Nxe4 Rc2+ 60. Ke1 Bxe5 61. Rxe5 Bb3 62.
Rc5 Ra2 63. Rc1 Kg7 64. Nd2 Bd5 65. f3 Bb7 66. Ke2 Ba6 67. Rc3 Ra1 68. e4
Kh6 69. Ke3 Re1+ 70. Kf2 Rd1 71. Ke2 Rg1 72. Kf2 Rd1 73. Nc4 h4 74. Ra3 Bb5
75. Rb3 Ba6 76. Rb6 Bxc4 77. dxc4 Rd2+ 78. Kf1 Rc2 79. Rc6 Kg5 80. Kg1 Rc1+
81. Kf2 Rc2+ 82. Kf1 Rc1+ 83. Ke2 Rc2+ 84. Ke3 Rxg2 85. f4+ Kh5 86. e5 Rxh2
87. e6 Rh1 88. Kf2 Rh2+ 89. Kf3 Rh3+ 90. Kg2 Rg3+ 91. Kf2 Ra3 92. e7 Ra8
93. Re6 Re8 94. Kf3 h3 95. Kg3 h2 96. Kxh2 Kg4 97. c5 Kxf4 98. c6 Kf5 99.
Re1 Kf6 100. c7 Kf7 101. Kg3 Kf6 102. c8=Q 1-0

[Event "World Blitz 2023"]
[Site "Samarkand UZB"]
[Date "2023.12.29"]
[EventDate "2023.12.29"]
[Round "7.15"]
[Result "0-1"]
[White "Teimour Radjabov"]
[Black "Chithambaram Vr Aravindh"]
[WhiteElo "2664"]
[BlackElo "2584"]
[PlyCount "72"]

1. d4 e6 2. c4 Bb4+ 3. Bd2 Bxd2+ 4. Qxd2 Nf6 5. Nc3 d5 6. e3 O-O 7. Nf3 Qe7
8. Rc1 b6 9. cxd5 exd5 10. Be2 Bb7 11. O-O Nbd7 12. Rfd1 Rfd8 13. Qc2 c5
14. Qf5 Nf8 15. Bd3 Ne6 16. Qe5 g6 17. h3 Kg7 18. Bb1 Qd6 19. Qxd6 Rxd6 20.
dxc5 bxc5 21. e4 Rdd8 22. exd5 Nxd5 23. Nxd5 Bxd5 24. Ne1 Rab8 25. b3 a5
26. Nd3 Nd4 27. Kh2 a4 28. bxa4 c4 29. Nf4 Ba8 30. a5 c3 31. Bd3 Rb2 32.
Rxc3 Rxf2 33. Kg3 Rxa2 34. a6 g5 35. Ne2 Nxe2+ 36. Bxe2 Rxe2 0-1

[Event "World Blitz 2023"]
[Site "Samarkand UZB"]
[Date "2023.12.29"]
[EventDate "2023.12.29"]
[Round "7.16"]
[Result "1/2-1/2"]
[White "Vasquez Schroeder, Rodrigo"]
[Black "Anton Korobov"]
[WhiteElo "2582"]
[BlackElo "2649"]
[PlyCount "110"]

1. e4 c5 2. Nf3 d6 3. d4 cxd4 4. Nxd4 Nf6 5. Nc3 a6 6. Bg5 Nbd7 7. Bc4 Qb6
8. Bb3 e6 9. Bxf6 Nxf6 10. Qd2 g6 11. O-O-O Bd7 12. Kb1 O-O-O 13. f4 Bh6
14. g3 Kb8 15. Rhf1 Bc8 16. Nf3 Rhe8 17. Ng5 Qc7 18. h4 Bg7 19. Qf2 h6 20.
Nf3 Ng4 21. Qd2 Bxc3 22. bxc3 f5 23. Rfe1 Nf6 24. exf5 gxf5 25. Re3 Ne4 26.
Qe1 d5 27. Ne5 Rd6 28. Kb2 Rb6 29. Rd4 Rg8 30. c4 Qc5 31. Red3 Rxg3 32.
cxd5 Rxd3 33. Rxd3 exd5 34. Qe3 Qxe3 35. Rxe3 Be6 36. Kc1 Rd6 37. Re1 Rd8
38. Rg1 Rg8 39. Rxg8+ Bxg8 40. Ng6 Nf6 41. Kd2 Kc7 42. Ke3 Kd6 43. Kd4 Ne8
44. c3 Ng7 45. Ke3 a5 46. Ne5 b5 47. Nf3 Be6 48. Nd4 Bd7 49. Bc2 b4 50.
cxb4 axb4 51. Bd3 Kc5 52. Nb3+ Kd6 53. Nd4 Kc5 54. Nb3+ Kd6 55. Nd4 1/2-1/2

[Event "World Blitz 2023"]
[Site "Samarkand UZB"]
[Date "2023.12.29"]
[EventDate "2023.12.29"]
[Round "7.17"]
[Result "0-1"]
[White "Anton Smirnov"]
[Black "Levan Pantsulaia"]
[WhiteElo "2647"]
[BlackElo "2579"]
[PlyCount "84"]

1. e4 c6 2. Nf3 d5 3. d3 Bg4 4. h3 Bh5 5. Qe2 Bxf3 6. Qxf3 e6 7. g3 Nd7 8.
Bg2 Bc5 9. Nd2 Ne7 10. O-O O-O 11. Qe2 Bb6 12. Kh2 f5 13. exd5 exd5 14. Nf3
Ng6 15. b3 Qf6 16. Rb1 Rae8 17. Qd2 f4 18. Bb2 Qd6 19. Rbe1 Nde5 20. Nxe5
Nxe5 21. d4 Ng6 22. Rxe8 Rxe8 23. Re1 Rf8 24. Bc1 Bc7 25. Qd3 h5 26. Kg1
fxg3 27. fxg3 Qxg3 28. Qxg3 Bxg3 29. Rf1 Bf4 30. Bb2 Nh4 31. c4 Be3+ 32.
Kh1 Nxg2 33. Kxg2 Rxf1 34. Kxf1 Kf7 35. Ke2 Bg5 36. Ba3 Ke6 37. Kf3 Bf6 38.
Ke3 Kf5 39. Bd6 g5 40. Bg3 g4 41. h4 Bg7 42. cxd5 cxd5 0-1

[Event "World Blitz 2023"]
[Site "Samarkand UZB"]
[Date "2023.12.29"]
[EventDate "2023.12.29"]
[Round "7.18"]
[Result "1-0"]
[White "Santosh Gujrathi Vidit"]
[Black "Renato Terry"]
[WhiteElo "2642"]
[BlackElo "2578"]
[PlyCount "138"]

1. d4 e6 2. c4 Bb4+ 3. Bd2 Bxd2+ 4. Qxd2 Nf6 5. g3 d6 6. Nf3 O-O 7. Bg2 Qe7
8. Nc3 e5 9. O-O Re8 10. dxe5 dxe5 11. Nd5 Qd8 12. Rad1 c6 13. Nxf6+ Qxf6
14. Ng5 Bf5 15. Ne4 Bxe4 16. Bxe4 Na6 17. b4 Rad8 18. Qc3 Rd4 19. Bg2 Red8
20. Rxd4 exd4 21. Qd2 Nc7 22. Rd1 Ne6 23. h4 h6 24. Bh3 Qe5 25. Qd3 b6 26.
Bg2 c5 27. b5 Re8 28. a4 g6 29. a5 Kg7 30. axb6 axb6 31. Ra1 Nf8 32. Kf1 g5
33. hxg5 Qxg5 34. Bd5 Re7 35. Ra6 Nd7 36. Qf3 Qc1+ 37. Kg2 Qg5 38. Kf1 Qc1+
39. Kg2 Qg5 40. Bc6 Ne5 41. Qf4 Qxf4 42. gxf4 Nxc4 43. Bd5 Nd2 44. Rxb6
Rxe2 45. Rb7 Re8 46. Rxf7+ Kg6 47. Rd7 Rb8 48. Bc6 Kf5 49. Rd5+ Kxf4 50.
Rxc5 Nb3 51. Rd5 Rg8+ 52. Kf1 Rb8 53. Ke2 Rb6 54. Kd3 Na5 55. Rxd4+ Ke5 56.
f4+ Ke6 57. Bd7+ Ke7 58. Kc3 Nb7 59. Kb4 Rf6 60. Bc6 Nd6 61. b6 Rf8 62. Kc5
Rf5+ 63. Rd5 Rf6 64. Rd4 Rf5+ 65. Bd5 Kd8 66. Ra4 Kd7 67. Kd4 Nb7 68. Ke4
Nd8 69. Ra7+ 1-0

[Event "World Blitz 2023"]
[Site "Samarkand UZB"]
[Date "2023.12.29"]
[EventDate "2023.12.29"]
[Round "7.19"]
[Result "1-0"]
[White "Vahap Sanal"]
[Black "Pouya Idani"]
[WhiteElo "2637"]
[BlackElo "2574"]
[PlyCount "98"]

1. d4 d5 2. Nf3 Nf6 3. c4 e6 4. e3 c5 5. cxd5 exd5 6. Bb5+ Bd7 7. Bxd7+
Nbxd7 8. dxc5 Bxc5 9. O-O O-O 10. b3 Qe7 11. Bb2 Rad8 12. Nc3 Nb8 13. Nd4
Bxd4 14. Qxd4 Nc6 15. Qa4 Rfe8 16. Rad1 Qb4 17. Qxb4 Nxb4 18. Nb5 Nxa2 19.
Bxf6 gxf6 20. Ra1 a6 21. Nc7 Re7 22. Nxa6 Nc3 23. Nc5 d4 24. exd4 Rxd4 25.
Rfe1 Rc7 26. Na4 b5 27. Nxc3 Rxc3 28. Ra7 Rxb3 29. g3 Rd8 30. Ree7 Rf8 31.
Rab7 Kg7 32. Kg2 Kg6 33. h4 b4 34. Rec7 Rb1 35. Rc4 h5 36. g4 Rh8 37. Rb6
b3 38. g5 Kg7 39. Rxf6 Rb8 40. Rc7 b2 41. Rfxf7+ Kg8 42. Rg7+ Kf8 43. Rcf7+
Ke8 44. Re7+ Kf8 45. Ref7+ Ke8 46. Rb7 Rxb7 47. Rxb7 Kf8 48. f4 Kg8 49. f5
1-0

[Event "World Blitz 2023"]
[Site "Samarkand UZB"]
[Date "2023.12.29"]
[EventDate "2023.12.29"]
[Round "7.20"]
[Result "1-0"]
[White "Aleksandar Indjic"]
[Black "Timur Gareyev"]
[WhiteElo "2631"]
[BlackElo "2569"]
[PlyCount "62"]

1. Nf3 g6 2. e4 Nf6 3. e5 Nh5 4. d4 d6 5. h3 Nc6 6. Bb5 a6 7. Bxc6+ bxc6 8.
O-O Bb7 9. Re1 Ng7 10. c4 Nf5 11. g4 Ng7 12. Nc3 h5 13. Ng5 hxg4 14. hxg4
dxe5 15. dxe5 Qxd1 16. Rxd1 f6 17. Nge4 c5 18. Nd5 O-O-O 19. exf6 exf6 20.
Nexf6 Ne6 21. Be3 Bd6 22. f3 Rh3 23. Rf1 Rdh8 24. Ne4 Be5 25. Kf2 Rh2+ 26.
Ke1 Rxb2 27. Ne7+ Kb8 28. Nxg6 Rhh2 29. Nxe5 Rhe2+ 30. Kd1 Bxe4 31. Bc1
Bxf3 1-0

[Event "World Blitz 2023"]
[Site "Samarkand UZB"]
[Date "2023.12.29"]
[EventDate "2023.12.29"]
[Round "7.21"]
[Result "1-0"]
[White "Zhamsaran Tsydypov"]
[Black "David Paravyan"]
[WhiteElo "2626"]
[BlackElo "2566"]
[PlyCount "126"]

1. Nf3 d5 2. d4 Nf6 3. c4 dxc4 4. e3 e6 5. Bxc4 c5 6. O-O Nc6 7. Qe2 a6 8.
Rd1 b5 9. dxc5 Qc7 10. Bd3 Bxc5 11. Nc3 Bb7 12. Bd2 Be7 13. Rac1 O-O 14.
Ne4 Qb6 15. a3 Rfd8 16. b4 Nxe4 17. Bxe4 Bf6 18. Bc3 Rxd1+ 19. Qxd1 Rd8 20.
Qc2 Bxc3 21. Bxh7+ Kh8 22. Ng5 Ne5 23. Qxc3 f6 24. Bb1 Qd6 25. Qc2 g6 26.
Nh3 Be4 27. Qe2 Bxb1 28. Rxb1 Kg7 29. Nf4 g5 30. Nh5+ Kg6 31. Ng3 Qd3 32.
Qh5+ Kg7 33. Rc1 Qxa3 34. Rc7+ Rd7 35. Rxd7+ Nxd7 36. h4 Qxb4 37. Qe8 Ne5
38. Nh5+ Kh7 39. Nxf6+ Kg7 40. Nh5+ Kh7 41. hxg5 Qe1+ 42. Kh2 Ng4+ 43. Kg3
Qxf2+ 44. Kxg4 Qe2+ 45. Kh4 Qf2+ 46. Ng3 Qxe3 47. Qf7+ Kh8 48. Nh5 Qe4+ 49.
Kh3 Qf5+ 50. Qxf5 exf5 51. Nf4 a5 52. Nd3 b4 53. Nb2 Kg7 54. Kg3 Kf7 55.
Kf4 Kg6 56. g3 b3 57. Na4 Kg7 58. Kxf5 Kf7 59. g6+ Kg7 60. Kg5 Kg8 61. Kf6
Kf8 62. g7+ Kg8 63. g4 1-0

[Event "World Blitz 2023"]
[Site "Samarkand UZB"]
[Date "2023.12.29"]
[EventDate "2023.12.29"]
[Round "7.22"]
[Result "1/2-1/2"]
[White "Gadir Guseinov"]
[Black "Anton Guijarro, David"]
[WhiteElo "2563"]
[BlackElo "2616"]
[PlyCount "80"]

1. e4 c6 2. d4 d5 3. Nd2 dxe4 4. Nxe4 Nf6 5. Nxf6+ exf6 6. Bd3 Qxd4 7. Nf3
Qd5 8. O-O Be6 9. Re1 Nd7 10. c4 Qd6 11. b4 Qxb4 12. Nd4 Ne5 13. Nxe6 fxe6
14. Bf1 Rd8 15. Qh5+ g6 16. Qe2 Bc5 17. Bh6 Rd7 18. Kh1 Be7 19. Rad1 Rxd1
20. Rxd1 Qa4 21. Re1 Qb4 22. Rd1 Qa4 23. Re1 Bb4 24. Rb1 Kf7 25. f4 Nd7 26.
f5 exf5 27. c5 Ne5 28. Qb2 a5 29. Qd4 Re8 30. Qd6 Qc2 31. Rd1 Qc3 32. Qc7+
Re7 33. Qc8 Re8 34. Qc7+ Re7 35. Qc8 Re8 36. Qxb7+ Re7 37. Qc8 Re8 38. Qb7+
Re7 39. Qc8 Re8 40. Qc7+ Re7 1/2-1/2

[Event "World Blitz 2023"]
[Site "Samarkand UZB"]
[Date "2023.12.29"]
[EventDate "2023.12.29"]
[Round "7.23"]
[Result "0-1"]
[White "Andrey Esipenko"]
[Black "Nikita Petrov"]
[WhiteElo "2615"]
[BlackElo "2521"]
[PlyCount "126"]

1. e4 e5 2. Nf3 Nc6 3. Bc4 Bc5 4. d3 d6 5. Nc3 h6 6. Na4 Bb6 7. Nxb6 axb6
8. a3 Nf6 9. h3 Be6 10. b3 d5 11. exd5 Bxd5 12. O-O O-O 13. Bb2 Re8 14. Bb5
e4 15. Nh4 exd3 16. Qxd3 Be4 17. Qc3 Qd5 18. a4 Qg5 19. Nf3 Qf5 20. Rfe1
Re6 21. Bc4 Ree8 22. Re2 Bxf3 23. Rxe8+ Rxe8 24. Qxf3 Qxf3 25. gxf3 Ne5 26.
Be2 Ng6 27. Kf1 Nf4 28. Bc4 Nxh3 29. a5 bxa5 30. Rxa5 Ng5 31. Ra7 Nxf3 32.
Bxf6 Nd2+ 33. Kg2 Nxc4 34. bxc4 gxf6 35. Rxb7 c5 36. Rd7 Re4 37. Rd3 Rxc4
38. c3 f5 39. Rd5 Rxc3 40. Rxf5 Kg7 41. f3 Rc1 42. Rd5 c4 43. Rd6 c3 44.
Rc6 f6 45. Kh2 Kg6 46. Rc5 f5 47. Kg2 Kg5 48. Rc4 Kf6 49. Rc5 h5 50. Kh2 h4
51. Kg2 Ke6 52. Kh2 Kd6 53. Rc8 Kd5 54. Kg2 Kd4 55. Rf8 Kd3 56. Rxf5 c2 57.
Rd5+ Kc4 58. Rd8 Rg1+ 59. Kxg1 c1=Q+ 60. Kf2 Qf4 61. Rg8 Qd2+ 62. Kg1 Qe1+
63. Kg2 Qe2+ 0-1

[Event "World Blitz 2023"]
[Site "Samarkand UZB"]
[Date "2023.12.29"]
[EventDate "2023.12.29"]
[Round "7.24"]
[Result "0-1"]
[White "Denis Lazavik"]
[Black "Hans Moke Niemann"]
[WhiteElo "2556"]
[BlackElo "2614"]
[PlyCount "96"]

1. d4 Nf6 2. c4 e6 3. Nf3 d5 4. g3 Bb4+ 5. Bd2 a5 6. Bg2 O-O 7. Qc2 Be7 8.
O-O c6 9. b3 b6 10. Bc3 Bb7 11. Nbd2 c5 12. dxc5 Bxc5 13. Ng5 Nbd7 14. cxd5
exd5 15. e3 Qe7 16. Ngf3 Rfc8 17. Qf5 g6 18. Qg5 Bxe3 19. fxe3 Rxc3 20.
Rae1 Ba6 21. Rf2 Re8 22. Bf1 Bxf1 23. Nxf1 Nc5 24. Qh4 Nd3 25. Qd4 Ne4 26.
Rfe2 Nxe1 27. Rxe1 Qf6 28. Qxf6 Nxf6 29. Nd4 Ng4 30. Nb5 Rc2 31. a4 Rb2 32.
Nd4 h5 33. h3 Ne5 34. Rd1 Nd7 35. Nc6 Ne5 36. Nd4 Rc8 37. Nd2 Nd3 38. Kf1
Nc5 39. Ke1 Ne4 40. Nxe4 dxe4 41. Rd2 Rc1+ 42. Ke2 Rxd2+ 43. Kxd2 Rg1 44.
Ne2 Rf1 45. Nc3 Rf2+ 46. Kd1 Rb2 47. Nxe4 Rxb3 48. Kc2 Rxe3 0-1

[Event "World Blitz 2023"]
[Site "Samarkand UZB"]
[Date "2023.12.29"]
[EventDate "2023.12.29"]
[Round "7.1"]
[Result "1-0"]
[White "Aleksandr Shimanov"]
[Black "Andrew Hong"]
[WhiteElo "2611"]
[BlackElo "2460"]
[PlyCount "104"]

1. d4 Nf6 2. Bg5 d5 3. Nd2 Bf5 4. Bxf6 exf6 5. e3 c6 6. c4 dxc4 7. Bxc4 Bd6
8. Qf3 Qa5 9. Ne2 O-O 10. Nc3 Bg6 11. O-O Ba3 12. Nb3 Qb4 13. Qe2 Bxb2 14.
Bxf7+ Rxf7 15. Qxb2 Nd7 16. a3 Qb6 17. Rfc1 a5 18. Qa2 a4 19. Nd2 Qa6 20.
Nde4 Kh8 21. Qb2 Re7 22. Nd2 Ree8 23. Qb4 Qb6 24. Qd6 Qd8 25. Nc4 Bf7 26.
Qb4 Bxc4 27. Qxc4 Qa5 28. Rab1 Rab8 29. Qxa4 Qc7 30. Qb4 b6 31. Nb5 Qd8 32.
Rxc6 Nf8 33. Rbc1 h6 34. Nd6 Re7 35. Rc8 Rxc8 36. Rxc8 Rc7 37. Nf7+ Kg8 38.
Nxd8 Rxc8 39. h3 Rxd8 40. Qxb6 Ra8 41. a4 Kh7 42. a5 Ng6 43. a6 Rc8 44. a7
Rc1+ 45. Kh2 Ra1 46. Qb7 Ra2 47. a8=Q Rxf2 48. Qd5 Ne7 49. Qe6 Nf5 50. Qae4
g6 51. Qf7+ Ng7 52. Qexg6+ 1-0

[Event "World Blitz 2023"]
[Site "Samarkand UZB"]
[Date "2023.12.29"]
[EventDate "2023.12.29"]
[Round "7.2"]
[Result "1/2-1/2"]
[White "Alexandr Predke"]
[Black "Arseniy Nesterov"]
[WhiteElo "2594"]
[BlackElo "2488"]
[PlyCount "144"]

1. d4 d5 2. c4 e6 3. Nf3 Nf6 4. Bg5 dxc4 5. Nc3 Be7 6. e3 O-O 7. Bxc4 Nbd7
8. O-O c5 9. Qe2 a6 10. a4 b6 11. dxc5 Bxc5 12. e4 h6 13. Bh4 Be7 14. e5
Nh7 15. Bxe7 Qxe7 16. Qe4 Rb8 17. Bd3 f5 18. exf6 Nhxf6 19. Qe3 Bb7 20. h3
Bxf3 21. Qxf3 Ne5 22. Qe2 Nxd3 23. Qxd3 Qb7 24. Qe2 Rbe8 25. Rad1 Nd5 26.
Nxd5 exd5 27. Qh5 Rd8 28. Rd4 Qf7 29. Qe2 a5 30. Qd2 Rd6 31. Rd1 Rfd8 32.
Rf4 Qg6 33. Qd4 Rf6 34. Rxf6 Qxf6 35. Qxf6 gxf6 36. Rc1 Kf7 37. Rc6 Rb8 38.
Rd6 b5 39. Rxd5 bxa4 40. Rxa5 Rxb2 41. Rxa4 h5 42. h4 Kg6 43. Ra5 Rc2 44.
g3 Rb2 45. Kg2 Rb3 46. Rd5 Rc3 47. Rd4 Rb3 48. Re4 Ra3 49. Re3 Ra2 50. Kf3
Rb2 51. Rd3 Ra2 52. Ke3 Rb2 53. f3 Rg2 54. Kf4 Rh2 55. Rd8 Rh1 56. Rh8 Rh2
57. Ra8 Rh1 58. Ra7 Rh2 59. Ra1 Rb2 60. Re1 Rh2 61. Rd1 Rb2 62. g4 Rb4+ 63.
Kg3 hxg4 64. fxg4 Rb3+ 65. Kf4 Rb4+ 66. Kf3 Rb3+ 67. Kg2 Rb2+ 68. Kf3 Rb3+
69. Ke4 Rh3 70. h5+ Kg5 71. Rf1 Kxg4 72. Rxf6 Rxh5 1/2-1/2

[Event "World Blitz 2023"]
[Site "Samarkand UZB"]
[Date "2023.12.29"]
[EventDate "2023.12.29"]
[Round "7.3"]
[Result "1-0"]
[White "Aydin Suleymanli"]
[Black "Parham Maghsoodloo"]
[WhiteElo "2553"]
[BlackElo "2660"]
[PlyCount "134"]

1. e4 e5 2. Nf3 Nc6 3. Bb5 a6 4. Ba4 Nf6 5. O-O Be7 6. d3 b5 7. Bb3 d6 8.
c3 O-O 9. h3 h6 10. a4 Bd7 11. Bc2 Re8 12. Re1 Bf8 13. Nbd2 Ne7 14. d4 Nc6
15. d5 Ne7 16. b3 c6 17. c4 g6 18. Ba3 cxd5 19. cxd5 Qb6 20. axb5 axb5 21.
Bb4 Bg7 22. Rxa8 Rxa8 23. Nxe5 Qc7 24. Nxf7 Kxf7 25. e5 Nfxd5 26. exd6 Qb6
27. dxe7 Re8 28. Qf3+ Nf6 29. Ne4 Bc6 30. Nd6+ Kg8 31. Qe3 Qxe3 32. Rxe3
Nd5 33. Nxe8 Nxe3 34. fxe3 Bxe8 35. Be4 Be5 36. Bd5+ Kg7 37. Bc5 Kf6 38. b4
Bg3 39. Kf1 Ke5 40. Bb3 g5 41. Ke2 Kf6 42. Bd5 Ke5 43. e4 Kf6 44. Kd3 Bc7
45. Ke3 Bf4+ 46. Kd4 Be5+ 47. Kd3 Bc7 48. Kc2 Bf4 49. Bg8 Bc7 50. Bh7 Bf4
51. Bf5 Bc7 52. Kd3 Bf4 53. Kd4 Bc6 54. Bg4 Be5+ 55. Kd3 Be8 56. Bd4 h5 57.
Bxe5+ Kxe5 58. Be2 h4 59. Ke3 Kd6 60. Kd4 Kxe7 61. Kc5 Bg6 62. Bd3 Ke6 63.
Kxb5 Ke5 64. Kc5 Be8 65. b5 Bxb5 66. Kxb5 Kd4 67. Bb1 1-0

[Event "World Blitz 2023"]
[Site "Samarkand UZB"]
[Date "2023.12.29"]
[EventDate "2023.12.29"]
[Round "7.4"]
[Result "1-0"]
[White "Evgeny Tomashevsky"]
[Black "Rinat Jumabayev"]
[WhiteElo "2663"]
[BlackElo "2561"]
[PlyCount "132"]

1. e4 e6 2. d4 d5 3. Nd2 c5 4. exd5 Qxd5 5. Ngf3 cxd4 6. Bc4 Qd6 7. O-O Nf6
8. Nb3 Nc6 9. Nbxd4 Nxd4 10. Nxd4 Bd7 11. c3 Qc7 12. Be2 a6 13. Bf3 Be7 14.
Re1 e5 15. Qe2 O-O 16. Bf4 exf4 17. Qxe7 Rae8 18. Qb4 b6 19. h3 h5 20. Nb3
Bf5 21. Qd4 Rd8 22. Qe5 Qxe5 23. Rxe5 g6 24. Nd4 Bd7 25. Rae1 Kg7 26. Be2
b5 27. Bf3 Rfe8 28. a3 Rxe5 29. Rxe5 Be8 30. Kf1 Kf8 31. Ke1 Rd6 32. h4 Bd7
33. Ne2 Be6 34. Nxf4 Bb3 35. Re3 Nd7 36. Rd3 Ke7 37. Nd5+ Kd8 38. Nf4 Ke7
39. Bd5 Nc5 40. Re3+ Kf6 41. Bxb3 Nxb3 42. Rd3 Rxd3 43. Nxd3 Kf5 44. f3 Ke6
45. Ke2 a5 46. Ke3 Kd5 47. Nf4+ Ke5 48. Nd3+ Kd5 49. g4 hxg4 50. fxg4 Ke6
51. Kf4 f6 52. h5 g5+ 53. Ke3 f5 54. h6 f4+ 55. Nxf4+ gxf4+ 56. Kxf4 Kf6
57. Ke4 Nd2+ 58. Kd5 Nc4 59. Kc5 Nxb2 60. Kxb5 Nd1 61. g5+ Kg6 62. c4 Ne3
63. c5 Nc2 64. a4 Nd4+ 65. Kb6 Ne6 66. c6 1-0

[Event "World Blitz 2023"]
[Site "Samarkand UZB"]
[Date "2023.12.29"]
[EventDate "2023.12.29"]
[Round "7.5"]
[Result "1/2-1/2"]
[White "Daniel Dardha"]
[Black "Laurent Fressinet"]
[WhiteElo "2568"]
[BlackElo "2636"]
[PlyCount "124"]

1. e4 e5 2. d4 exd4 3. Qxd4 Nc6 4. Qc4 Nf6 5. Nc3 Bb4 6. Bd2 O-O 7. O-O-O
d6 8. f3 Be6 9. Qe2 Re8 10. Qf2 Qe7 11. g4 Rad8 12. g5 Nd7 13. Nge2 Nde5
14. Nf4 Bxc3 15. Bxc3 Qxg5 16. Qd2 Ng6 17. Nd3 Qxd2+ 18. Bxd2 Nge5 19. f4
Nc4 20. Bc3 Ne3 21. Re1 Nxf1 22. Rhxf1 f6 23. Rg1 Kf8 24. e5 dxe5 25. fxe5
f5 26. Nf4 Kf7 27. Rg5 g6 28. h4 Rg8 29. h5 Ne7 30. Reg1 b6 31. Bd2 Rde8
32. Rh1 Rg7 33. b3 Nd5 34. c4 Nxf4 35. Bxf4 Rd8 36. Be3 Rd3 37. Re1 Rg8 38.
Kc2 Rd7 39. Rh1 Rg7 40. a4 c5 41. Kc3 Kg8 42. hxg6 Rxg6 43. Rhg1 Rdg7 44.
Bf4 Rxg5 45. Rxg5 Rxg5 46. Bxg5 Kf7 47. a5 Ke8 48. axb6 axb6 49. b4 Kd7 50.
bxc5 bxc5 51. Be3 Kc6 52. Bg5 h5 53. Kd3 Bf7 54. Kc3 Bg8 55. Kd3 Bf7 56.
Kc3 Kd7 57. Be3 h4 58. Bxc5 h3 59. Bg1 f4 60. Kd3 Bxc4+ 61. Ke4 Ke6 62.
Kxf4 1/2-1/2

[Event "World Blitz 2023"]
[Site "Samarkand UZB"]
[Date "2023.12.29"]
[EventDate "2023.12.29"]
[Round "7.6"]
[Result "0-1"]
[White "Maksim Chigaev"]
[Black "Shant Sargsyan"]
[WhiteElo "2561"]
[BlackElo "2633"]
[PlyCount "62"]

1. e4 e5 2. Nf3 Nc6 3. Bc4 Nf6 4. d3 Bc5 5. c3 O-O 6. O-O d5 7. exd5 Nxd5
8. h3 Nb6 9. Bb5 Bd6 10. a4 a6 11. Bxc6 bxc6 12. a5 Nd5 13. Nbd2 Re8 14.
Re1 Bf5 15. Ne4 h6 16. Qa4 Qd7 17. Bd2 Rab8 18. b4 Bg6 19. Qb3 Kh8 20. Qc4
Rb5 21. d4 f6 22. dxe5 fxe5 23. Rad1 Bh5 24. Nxd6 cxd6 25. g4 Bg6 26. Nh4
Bc2 27. Rc1 Bh7 28. Ng2 Rf8 29. Rcd1 Qf7 30. Be3 Nxe3 31. fxe3 Qxc4 0-1

[Event "World Blitz 2023"]
[Site "Samarkand UZB"]
[Date "2023.12.29"]
[EventDate "2023.12.29"]
[Round "7.7"]
[Result "0-1"]
[White "Manuel Petrosyan"]
[Black "Alexander Riazantsev"]
[WhiteElo "2556"]
[BlackElo "2621"]
[PlyCount "130"]

1. d4 Nf6 2. Bf4 g6 3. e3 Bg7 4. Nf3 O-O 5. Be2 b6 6. h3 Bb7 7. O-O c5 8.
a4 a6 9. Nbd2 d5 10. c3 Nc6 11. Qb3 Na5 12. Qa2 Nc6 13. Rfd1 e6 14. Qa3 Re8
15. Bh2 Nd7 16. a5 Bf8 17. dxc5 bxc5 18. Qa4 c4 19. Nd4 Qc8 20. Nxc6 Bxc6
21. Qc2 Nc5 22. Bf3 f5 23. Be5 Ra7 24. Be2 Rb7 25. Nf3 Nb3 26. Ra2 Bg7 27.
Bxg7 Kxg7 28. Nd4 e5 29. Nxc6 Qxc6 30. Bf3 e4 31. Be2 Rb5 32. Ra3 Rf8 33.
g3 g5 34. Kh2 Qe6 35. Rg1 Qe5 36. Bd1 Kh8 37. Qe2 Nc5 38. Qh5 Qf6 39. Be2
Rxb2 40. Raa1 Qg6 41. Rgb1 Rfb8 42. Rxb2 Rxb2 43. Kg2 Nd3 44. Qxg6 hxg6 45.
Kf1 Kg7 46. Ra3 Kf6 47. Ra1 Ke5 48. Rd1 Kd6 49. h4 g4 50. Ra1 Kc5 51. Rd1
Kc6 52. Ra1 Kb5 53. Ra3 Rb1+ 54. Kg2 Rb3 55. Ra1 Rxc3 56. Bd1 Rc1 57. Ba4+
Kc5 58. Ra2 Nb4 59. Re2 Nc6 60. Rb2 Nb4 61. Be8 c3 62. Rb3 Kc4 63. Ra3 c2
64. Ba4 Rg1+ 65. Kxg1 c1=Q+ 0-1

[Event "World Blitz 2023"]
[Site "Samarkand UZB"]
[Date "2023.12.29"]
[EventDate "2023.12.29"]
[Round "7.8"]
[Result "0-1"]
[White "Giga Quparadze"]
[Black "S L Narayanan"]
[WhiteElo "2617"]
[BlackElo "2564"]
[PlyCount "64"]

1. e4 c5 2. Nf3 Nc6 3. Bb5 e6 4. O-O Nge7 5. c3 a6 6. Ba4 b5 7. Bc2 Bb7 8.
a4 Ng6 9. d4 cxd4 10. cxd4 Nb4 11. Re1 Rc8 12. Bb3 Rxc1 13. Qxc1 Nd3 14.
Qe3 Nxe1 15. Nxe1 bxa4 16. Bxa4 Be7 17. Nc3 O-O 18. Nd3 f5 19. exf5 Rxf5
20. Bb3 Bg5 21. Qe2 Kh8 22. d5 exd5 23. Qg4 Qf8 24. Qd4 Nf4 25. Nxf4 Rxf4
26. Qa7 Rb4 27. Bxd5 Bxd5 28. Nxd5 Rxb2 29. Qd4 Rd2 30. Qe4 Qxf2+ 31. Kh1
Re2 32. Qb4 Qxg2# 0-1

[Event "World Blitz 2023"]
[Site "Samarkand UZB"]
[Date "2023.12.29"]
[EventDate "2023.12.29"]
[Round "7.9"]
[Result "0-1"]
[White "Mahammad Muradli"]
[Black "Ivan Cheparinov"]
[WhiteElo "2551"]
[BlackElo "2613"]
[PlyCount "94"]

1. Nf3 d5 2. d4 Nf6 3. c4 e6 4. g3 Bb4+ 5. Bd2 a5 6. Bg2 O-O 7. Qc1 Be7 8.
O-O c6 9. Bg5 Nbd7 10. Rd1 h6 11. Bxf6 Nxf6 12. Nc3 a4 13. a3 Qb6 14. Qc2
Qa6 15. Ne5 Nd7 16. cxd5 exd5 17. e4 dxe4 18. Nxe4 Nf6 19. Nc5 Qa7 20. Rac1
Nd5 21. h4 Rd8 22. Re1 Bf6 23. Qe4 Qb6 24. Bf1 Ne7 25. Bc4 Bxe5 26. Qxe5
Nd5 27. Bd3 Nf6 28. Ne4 Qxd4 29. Nxf6+ gxf6 30. Qxd4 Rxd4 31. Re8+ Kg7 32.
Bf5 Bxf5 33. Rxa8 Be6 34. Ra7 b5 35. Rc7 Bd5 36. Rd7 Rd2 37. Rb1 Rc2 38. g4
h5 39. gxh5 Kh6 40. Rd8 Kxh5 41. Rh8+ Kg6 42. Re1 Rxb2 43. Ree8 b4 44. axb4
a3 45. Ra8 a2 46. Kh2 Rxf2+ 47. Kh3 Rf1 0-1